000 00374nam a2200157Ia 4500
003 Ost
005 20260225132558.0
008 260225s9999||||xx |||||||||||||| ||und||
040 _cfsic
041 _afre
082 _a302.23
100 _aJean-Marie DOLLE
_eAuteur
245 0 _apour comprendre jean piaget 3e édition /
245 0 _cJean-Marie DOLLE
942 _cكتاب
999 _c34561
_d34561